|
|
|
|
| LEADER |
00000nam a2200000 4500 |
| 001 |
vtls011918926 |
| 003 |
SK-MaSNL |
| 005 |
20260301052801.0 |
| 008 |
251112s1717 gw 0 0n0 lat |
| 015 |
|
|
|a SNBHFA1717
|
| 040 |
|
|
|a SNKHF
|b slo
|c SNKHF
|e rda
|
| 041 |
0 |
|
|a lat
|a ger
|
| 044 |
|
|
|a gw
|c DE
|
| 072 |
|
7 |
|a 2-1
|x Prirodzená teológia. Náboženská filozofia
|2 konspekt
|
| 080 |
|
|
|a 2-1
|2 2011
|
| 100 |
1 |
|
|a Günther, Johann G.
|4 aut
|9 362194
|
| 245 |
1 |
0 |
|a Lutherus secunda vice, h. e. in altero seculari Jubilaeo Redivivus in Synodo Dioecesana Glauchav.
|c P.P.P. Joanne Colero, Superint. Glauchav. Respondente M. Jo. Georgio Günthero, Pastore Eccles. Schoenberg & Pfaffrod. anno, qvo scribitur & cteditur MartInVs LVtherVs, theoLogIae DoCtor.
|
| 264 |
|
3 |
|a Waldenburgi
|b Literis Heinsianis
|c [1717]
|
| 300 |
|
|
|a 2 nečíslované strany, 19 strán
|c 23 cm
|
| 336 |
|
|
|a text
|b txt
|2 rdacontent
|
| 337 |
|
|
|a bez média
|b n
|2 rdamedia
|
| 338 |
|
|
|a zväzok
|b nc
|2 rdacarrier
|
| 500 |
|
|
|a Rok vydania v tvare chronogramu: MartInVs LVtherVs, theoLogIae DoCtor
|
| 500 |
|
|
|a Linky, iniciála na 5 riadkov, vineta, zložky, kustody
|
| 501 |
|
|
|a Príväzok 25. k: SCHLOTTERBECK, Georg Friedrich. Petrus Baelius, Ubi Ea, Quae De Origine Mali Et De Imputatione Peccati Primi Christiani Credunt, Principiis Rationis Sanae Moralibus Adversa Esse Edixit, Miris Modis Hallucinatus Est. Tubingae: Cudebat Jo. Cunradi Reisii Vidua, A. MDCCXIX. (1719)
|5 SNK IC 145040
|
| 510 |
4 |
|
|a VD18
|c 14928310-001
|
| 546 |
|
|
|a Latinčina
|b Kurzíva
|
| 546 |
|
|
|a Nemčina
|b Fraktúra
|
| 561 |
|
|
|a Z knižnice Učenej spoločnosti malohontskej.
|5 SNK IC 145040/prív.25
|
| 600 |
1 |
7 |
|a Luther, Martin,
|d 1483-1546
|2 SNKMA
|9 106834
|
| 650 |
0 |
7 |
|a teológia
|2 SNKPH
|9 1814
|
| 650 |
0 |
7 |
|a náboženská filozofia
|2 SNKPH
|9 3774
|
| 655 |
|
7 |
|a dizertácie
|2 SNKPH
|9 70277
|
| 700 |
1 |
|
|a Köhler, Johann
|4 ths
|9 362195
|
| 700 |
1 |
|
|a Heinsius, Johann Theodor
|4 prt
|9 362196
|
| 710 |
1 |
|
|a Heinsius, Johann Theodor (Waldenburg, Nemecko),
|d 1708-1727
|4 prt
|9 362197
|
| 710 |
2 |
|
|a Učená spoločnosť malohontská
|4 fmo
|9 205374
|
| 752 |
|
|
|a Nemecko
|d Waldenburg
|
| 852 |
|
|
|a snk
|b Historické fondy
|p IC 145040/prív.25
|
| 958 |
|
|
|a DD
|
| 958 |
|
|
|a ONDV
|
| 999 |
|
|
|c 606643
|d 608573
|
| 952 |
|
|
|t MHC 1286
|a SNK
|b SNK
|c SNK_HF
|y PREZ
|7 0
|p 17A1395039
|o snkIC 145040/prív.25
|i snk2020/2331
|8 5
|0 0
|1 0
|4 0
|d 2020-02-20
|l 0
|r 2026-02-23 16:11:28
|w 2026-02-23
|